00788cam a22002654a 4500999001300000001000900013003000400022005001700026008004100043010001700084020001500101040001800116042000800134050002300142082001700165100002000182245004900202260005300251300002600304504005400330650003700384650004400421906004500465942001200510 c936d93611909448OSt20180830132335.0000211s2000 oru b 000 0 eng  a 00024149  a0736904425 aDLCcDLCdDLC apcc00aBV4527b.C465 200000aV221bC466P1 aChapman, Annie.10aPutting anger in its place /cAnnie Chapman. aEugene, Or. :bHarvest House Publishers,cc2000. axii, 156 p. ;c21 cm. aIncludes bibliographical references (p. 155-156). 0aChristian womenxReligious life. 0aAngerxReligious aspectsxChristianity. a7bcbccorignewd1eocipf20gy-gencatlg 2ddccBK